书目信息 |
| 题名: |
工业水处理技术
|
|
| 作者: | 李本高 , 傅晓萍 , 王建军 主编 | |
| 分册: | 第十四册 | |
| 出版信息: | 北京 中国石化出版社 2012 |
|
| 页数: | 450页 | |
| 开本: | 26cm | |
| 丛书名: | ||
| 单 册: | ||
| 中图分类: | TQ085-53 | |
| 科图分类: | ||
| 主题词: | 工业用水 , 水处理 , 工业用水--水处理--文集 | |
| 电子资源: | ||
| ISBN: | 978-7-5114-1778-7 | |
| 000 | 00865nam0 2200265 450 | |
| 001 | 140550 | |
| 005 | 20140928165413.31 | |
| 010 | @a978-7-5114-1778-7@dCNY 85.00 | |
| 100 | @a20121025d2012 em y0chiy50 ea | |
| 101 | 0 | @achi |
| 102 | @aCN@b110000 | |
| 105 | @ay z 000yy | |
| 200 | 1 | @a工业水处理技术@Agong ye shui chu li ji shu@h第十四册@b专著@f李本高,王建军,傅晓萍主编 |
| 210 | @a北京@c中国石化出版社@d2012 | |
| 215 | @a450页@d26cm | |
| 330 | @a本书主要内容包括:污水回用技术、污水处理技术、循环水处理技术、水处理药剂、水处理设备、工业水管理等。 | |
| 606 | 0 | @a工业用水 |
| 606 | 0 | @a水处理 |
| 606 | 0 | @a工业用水@x水处理@j文集 |
| 690 | @aTQ085-53@v5 | |
| 701 | 0 | @a李本高@Ali ben gao@4主编 |
| 701 | 0 | @a傅晓萍@Afu xiao ping@4主编 |
| 701 | 0 | @a王建军@Awang jian jun@c(水处理技术)@4主编 |
| 801 | 0 | @c20140928 |
| 905 | @a241430@dTQ085-53@eL122:14 | |
| 工业水处理技术.第十四册/李本高,王建军,傅晓萍主编.-北京:中国石化出版社,2012 |
| 450页;26cm |
| ISBN 978-7-5114-1778-7:CNY 85.00 |
| 本书主要内容包括:污水回用技术、污水处理技术、循环水处理技术、水处理药剂、水处理设备、工业水管理等。 |
| ● |
| 相关链接 |
|
|
|
正题名:工业水处理技术
索取号:TQ085-53/L122:14
 
预约/预借
| 序号 | 登录号 | 条形码 | 馆藏地/架位号 | 状态 | 备注 |
| 1 | 0835498 | 208354984 | 期刊室512/501自科库 139排2列5层/ [索取号:TQ085-53/L122:14] | 在馆 | |
| 2 | 0835499 | 208354993 | 期刊室512/501自科库 139排2列5层/ [索取号:TQ085-53/L122:14] | 在馆 | |
| 3 | 0835500 | 208355000 | 期刊室512/501自科库 139排2列5层/ [索取号:TQ085-53/L122:14] | 在馆 |